MARC
|
|
|
|
| LEADER |
00000nam0a2200000 4500 |
| 001 |
290828 |
| 005 |
20231102000328.0 |
| 020 |
|
|
|a RU
|b 83-74156
|
| 035 |
|
|
|a (RuTPU)RU\TPU\book\315386
|
| 090 |
|
|
|a 290828
|
| 100 |
|
|
|a 20150409d1983 m y0rusy5003 ca
|
| 101 |
0 |
|
|a rus
|
| 102 |
|
|
|a RU
|
| 105 |
|
|
|a a z 000zy
|
| 200 |
1 |
|
|a Ордена и медали СССР
|f Г. А. Колесников, А. М. Рожков
|
| 205 |
|
|
|a 3-е изд., перераб. и доп.
|
| 210 |
|
|
|a Москва
|c Воениздат
|d 1983
|
| 215 |
|
|
|a 299 с.
|c ил.
|
| 606 |
|
|
|a Ордена, медали и знаки отличия
|y Россия
|y СССР
|2 stltpush
|3 (RuTPU)RU\TPU\subj\47457
|9 66387
|
| 610 |
1 |
|
|a наградные системы
|
| 610 |
1 |
|
|a история
|
| 610 |
1 |
|
|a описание
|
| 610 |
1 |
|
|a награждения
|
| 610 |
1 |
|
|a представления
|
| 610 |
1 |
|
|a ношение
|
| 610 |
1 |
|
|a правила
|
| 686 |
|
|
|a Х627.5
|2 rubbk
|
| 700 |
|
1 |
|a Колесников
|b Г. А.
|g Георгий Антонович
|
| 701 |
|
1 |
|a Рожков
|b А. М.
|g Александр Михайлович
|
| 801 |
|
0 |
|a RU
|b RuMRKP
|c 19950704
|g psbo
|
| 801 |
|
1 |
|a RU
|b 63413507
|c 20150409
|
| 801 |
|
2 |
|a RU
|b 63413507
|c 20181217
|g RCR
|
| 942 |
|
|
|c BK
|